<The> Lifelong Learning in European Union

Základné informácie o Európskom kvalifikačnom rámci pre celoživotné vzdelávanie a znalosti o požiadavkách trhu práce.

Na minha lista:
Detalhes bibliográficos
Autor principal: Jančíková, Eva, 1960-
Formato: Capítulo de Livro
Idioma:inglês
Assuntos:
Tags: Adicionar Tag
Sem tags, seja o primeiro a adicionar uma tag!

MARC

LEADER 00000naa$a2200000$$$4500
001 0251125
005 20240502083718.3
041 0 |a eng 
044 |a UA 
245 1 0 |a <The> Lifelong Learning in European Union  |c Eva Jančíková 
520 |a Základné informácie o Európskom kvalifikačnom rámci pre celoživotné vzdelávanie a znalosti o požiadavkách trhu práce. 
610 2 0 |a Európska únia 
610 2 0 |a vzdelávanie celoživotné 
610 2 0 |a trh práce 
610 2 0 |a zručnosti 
610 2 0 |a kompetencie 
610 2 0 |a vedomosti 
100 1 |a Jančíková, Eva, 1960-